000 00415nam a22001697a 4500
003 MACL
005 20160203160633.0
008 160203b xxu||||| |||| 00| 0 eng d
040 _cMACL
041 _aEnglish
082 _a070/MAL
100 _aMalhorta Kapil
_936702
245 _aJournalism And Mass Communication
260 _aAllahabad
_bSampark Prakashan
_c2012
650 _aMedia
_936703
942 _2ddc
_cBK
999 _c53118
_d53118